000
00244nam a2200097Ia 4500
008
220204s9999 xx 000 0 und d
082
_a
33:631.96(540)
_b
PLA
245
0
_a
Plantations in Indian economy
260
_a
India
_b
UPASI
_c
1955
942
_c
BK
999
_c
22325
_d
22325